000 00565nam a2200181Ia 4500
003 GCL
008 140319s9999 xx 000 0 ara d
040 _aGCL /
_cGCL
082 0 4 _a813.018
_bد ت
100 1 _aمنشات المصرى
245 1 0 _aتسالى الليالى: للاطفال ب /
_cمنشات المصرى
260 _a[S.N] :
_bالمختار الاسلامى للطبع والنشر والتوزيع ،
_c1988
300 _a108
490 _a
650 0 4 _aالاطفال
650 0 4 _aالحكايات الاسلامية
942 _2ddc
_cBK
999 _c54157
_d54157